00462nam a2200145 a 4500082001200000100002400012245003100036260004200067300001300109650001400122856007000136942000700206999001500213952008800228 a540 NIT1 aNitz, Otto William.10aChemistry :An Introduction a[S.l.] :bWillard Grant Press,c1971. a630 p. ; achemistry40uhttp://www.amazon.com/exec/obidos/ASIN/B0006W1524/chopaconline-20 cBK c1186d1186 0010708NFICaICbICcGENd2015-06-16l0o540 NITp000313r2022-11-17 00:00:00yBK